Statistics for Lyrics to the Credo part 1

Click here to take the quiz!

General Stats

  • This quiz has been taken 6 times
  • The average score is 36 of 60

Answer Stats

Answer% Correct
Deo
100%
et
100%
Vero
100%
ex
100%
de
100%
terræ
100%
Et
100%
Deum
100%
cæli
100%
factum
50%
Lumen
50%
Lumine
50%
Verum
50%
descendit
50%
genitum
50%
non
50%
Patri
50%
propter
50%
per
50%
quem
50%
salutem
50%
omnia
50%
sunt
50%
Qui
50%
nos
50%
Credo
50%
omni
50%
sæcula
50%
Christum
50%
unum
50%
Patrem
50%
Factorem
50%
omnium
50%
en
50%
Jesum
50%
Dominum
50%
Fillium
50%
Dei
50%
unigenitum
50%
natum
50%
ante
50%
caelis
50%
consubstantialem
0%
invisibilium
0%
visibilium
0%
Patre
0%
omnipotentem
0%
homines
0%
nostram
0%

Score Distribution

Percentile by Number Answered

Percent of People with Each Score

Your Score History

You have not taken this quiz